<?xml version="1.0" encoding="UTF-8"?>
<record
    xmlns:xsi="http://www.w3.org/2001/XMLSchema-instance"
    xsi:schemaLocation="http://www.loc.gov/MARC21/slim http://www.loc.gov/standards/marcxml/schema/MARC21slim.xsd"
    xmlns="http://www.loc.gov/MARC21/slim">

  <leader>02586nam0a22004931  4500</leader>
  <controlfield tag="001">v19\rc\2110091</controlfield>
  <controlfield tag="005">20260406163651.0</controlfield>
  <datafield tag="035" ind1=" " ind2=" ">
    <subfield code="a">(NLR Aleph) 005181534</subfield>
  </datafield>
  <datafield tag="090" ind1=" " ind2=" ">
    <subfield code="a">5135993</subfield>
    <subfield code="c">5135993</subfield>
  </datafield>
  <datafield tag="100" ind1=" " ind2=" ">
    <subfield code="a">20090914d1816    |||y0rusy50      ca</subfield>
  </datafield>
  <datafield tag="101" ind1="1" ind2=" ">
    <subfield code="a">rus</subfield>
    <subfield code="c">eng</subfield>
  </datafield>
  <datafield tag="102" ind1=" " ind2=" ">
    <subfield code="a">RU</subfield>
  </datafield>
  <datafield tag="135" ind1=" " ind2=" ">
    <subfield code="a">crcn 024anaba</subfield>
  </datafield>
  <datafield tag="140" ind1=" " ind2=" ">
    <subfield code="a">y   y            layaa0000  </subfield>
  </datafield>
  <datafield tag="200" ind1="1" ind2=" ">
    <subfield code="a">&#x412;&#x43E;&#x438;&#x43D; &#x446;&#x430;&#x440;&#x44F; &#x437;&#x435;&#x43C;&#x43D;&#x430;&#x433;&#x43E; &#x432;&#x43E; &#x432;&#x441;&#x435;&#x43E;&#x440;&#x443;&#x436;&#x438;&#x438; &#x446;&#x430;&#x440;&#x44F; &#x43D;&#x435;&#x431;&#x435;&#x441;&#x43D;&#x430;&#x433;&#x43E;.</subfield>
    <subfield code="e">[&#x41F;&#x435;&#x440;. &#x441; &#x430;&#x43D;&#x433;&#x43B;.]</subfield>
  </datafield>
  <datafield tag="210" ind1=" " ind2=" ">
    <subfield code="a">&#x421;&#x430;&#x43D;&#x43A;&#x442;&#x43F;&#x435;&#x442;&#x435;&#x440;&#x431;&#x443;&#x440;&#x433;</subfield>
    <subfield code="c">&#x432; &#x442;&#x438;&#x43F;&#x43E;&#x433;&#x440;&#x430;&#x444;&#x438;&#x438; &#x424;. &#x414;&#x440;&#x435;&#x445;&#x441;&#x43B;&#x435;&#x440;&#x430;</subfield>
    <subfield code="d">1816</subfield>
  </datafield>
  <datafield tag="215" ind1=" " ind2=" ">
    <subfield code="a">72 &#x441;.</subfield>
    <subfield code="d">8&#xB0;</subfield>
  </datafield>
  <datafield tag="300" ind1=" " ind2=" ">
    <subfield code="a">&#x426;&#x435;&#x43D;&#x437;.: &#x418;&#x43D;&#x43D;&#x43E;&#x43A;&#x435;&#x43D;&#x442;&#x438;&#x439; (&#x421;&#x43C;&#x438;&#x440;&#x43D;&#x43E;&#x432;), 28 &#x430;&#x432;&#x433;. 1816 &#x433;.</subfield>
  </datafield>
  <datafield tag="300" ind1=" " ind2=" ">
    <subfield code="a">&#x412; &#x43F;&#x435;&#x440;. &#x431;&#x440;&#x43E;&#x448;&#x44E;&#x440;&#x44B; &#x43F;&#x440;&#x438;&#x43D;&#x438;&#x43C;&#x430;&#x43B;&#x430; &#x443;&#x447;&#x430;&#x441;&#x442;&#x438;&#x435; &#x421;.&#x421;.&#x41C;&#x435;&#x449;&#x435;&#x440;&#x441;&#x43A;&#x430;&#x44F;.</subfield>
  </datafield>
  <datafield tag="316" ind1=" " ind2=" ">
    <subfield code="a">&#x42D;&#x43A;&#x437;. &#x420;&#x41D;&#x411; (18.127.3.217) &#x432; &#x43E;&#x431;&#x43B;. &#x438;&#x437; &#x431;&#x435;&#x43B;&#x43E;&#x439; &#x431;&#x443;&#x43C;&#x430;&#x433;&#x438;. &#x41D;&#x430; 1-&#x439; &#x441;. &#x43E;&#x431;&#x43B;. &#x44F;&#x440;&#x43B;&#x44B;&#x43A; &#x441; &#x448;&#x438;&#x444;&#x440;&#x43E;&#x43C; &#x420;&#x41D;&#x411;. &#x41D;&#x430; 2-&#x439; &#x441;. &#x43E;&#x431;&#x43B;. &#x43F;&#x443;&#x441;&#x442;&#x43E;&#x439; &#x44F;&#x440;&#x43B;&#x44B;&#x43A;. &#x41D;&#x430; &#x442;&#x438;&#x442;. &#x43B;., &#x441;.33 &#x438;72 &#x43A;&#x440;&#x443;&#x433;&#x43B;&#x44B;&#x439; &#x448;&#x442;&#x430;&#x43C;&#x43F; &#x413;&#x41F;&#x411;. &#x420;&#x430;&#x437;&#x43C;&#x435;&#x440;: 19,0&#x445;12,1&#x445;0,6 &#x441;&#x43C;.</subfield>
    <subfield code="5">NLR: 18.127.3.217</subfield>
  </datafield>
  <datafield tag="321" ind1="1" ind2=" ">
    <subfield code="a">&#x421;&#x41A; 1801-1825 1231</subfield>
  </datafield>
  <datafield tag="325" ind1=" " ind2=" ">
    <subfield code="a">&#x41A;&#x43E;&#x43F;&#x438;&#x44F; &#x434;&#x43E;&#x441;&#x442;&#x443;&#x43F;&#x43D;&#x430; &#x432; &#x42D;&#x43B;&#x435;&#x43A;&#x442;&#x440;&#x43E;&#x43D;. &#x431;-&#x43A;&#x435; &#x420;&#x41D;&#x411;</subfield>
  </datafield>
  <datafield tag="518" ind1="1" ind2=" ">
    <subfield code="a">&#x412;&#x43E;&#x438;&#x43D; &#x446;&#x430;&#x440;&#x44F; &#x437;&#x435;&#x43C;&#x43D;&#x43E;&#x433;&#x43E; &#x432;&#x43E; &#x432;&#x441;&#x435;&#x43E;&#x440;&#x443;&#x436;&#x438;&#x438; &#x446;&#x430;&#x440;&#x44F; &#x43D;&#x435;&#x431;&#x435;&#x441;&#x43D;&#x43E;&#x433;&#x43E;</subfield>
  </datafield>
  <datafield tag="620" ind1=" " ind2=" ">
    <subfield code="d">&#x421;&#x430;&#x43D;&#x43A;&#x442;-&#x41F;&#x435;&#x442;&#x435;&#x440;&#x431;&#x443;&#x440;&#x433;</subfield>
  </datafield>
  <datafield tag="702" ind1=" " ind2="1">
    <subfield code="a">&#x41C;&#x435;&#x449;&#x435;&#x440;&#x441;&#x43A;&#x430;&#x44F;</subfield>
    <subfield code="b">&#x421;.&#x421;.</subfield>
    <subfield code="f">1775-1848</subfield>
    <subfield code="g">&#x421;&#x43E;&#x444;&#x438;&#x44F; &#x421;&#x435;&#x440;&#x433;&#x435;&#x435;&#x432;&#x43D;&#x430;</subfield>
    <subfield code="4">730</subfield>
  </datafield>
  <datafield tag="702" ind1=" " ind2="1">
    <subfield code="a">&#x414;&#x440;&#x435;&#x445;&#x441;&#x43B;&#x435;&#x440;</subfield>
    <subfield code="b">&#x424;.</subfield>
    <subfield code="g">&#x424;&#x435;&#x434;&#x43E;&#x440;</subfield>
    <subfield code="4">610</subfield>
  </datafield>
  <datafield tag="702" ind1=" " ind2="0">
    <subfield code="4">190</subfield>
    <subfield code="8">rus</subfield>
    <subfield code="7">ca</subfield>
    <subfield code="a">&#x418;&#x43D;&#x43D;&#x43E;&#x43A;&#x435;&#x43D;&#x442;&#x438;&#x439;</subfield>
    <subfield code="c">&#x421;&#x43C;&#x438;&#x440;&#x43D;&#x43E;&#x432;, &#x418;&#x43B;&#x43B;&#x430;&#x440;&#x438;&#x43E;&#x43D; &#x414;&#x43C;&#x438;&#x442;&#x440;&#x438;&#x435;&#x432;&#x438;&#x447;</subfield>
    <subfield code="c">&#x435;&#x43F;&#x438;&#x441;&#x43A;&#x43E;&#x43F;</subfield>
    <subfield code="f">1784-1819</subfield>
    <subfield code="3">RU\NLR\AUTH\7710299</subfield>
    <subfield code="9">120078</subfield>
  </datafield>
  <datafield tag="712" ind1="0" ind2="0">
    <subfield code="4">610</subfield>
    <subfield code="a">&#x414;&#x440;&#x435;&#x445;&#x441;&#x43B;&#x435;&#x440;,</subfield>
    <subfield code="c">&#x41F;&#x435;&#x442;&#x435;&#x440;&#x431;&#x443;&#x440;&#x433;</subfield>
    <subfield code="g">&#x424;.,</subfield>
    <subfield code="h">&#x442;&#x438;&#x43F;&#x43E;&#x433;&#x440;&#x430;&#x444;&#x438;&#x44F;</subfield>
    <subfield code="9">711214</subfield>
    <subfield code="3">RU\NLR\AUTH\880524866</subfield>
  </datafield>
  <datafield tag="801" ind1=" " ind2="0">
    <subfield code="a">RU</subfield>
    <subfield code="b">NLR</subfield>
    <subfield code="g">psbo</subfield>
  </datafield>
  <datafield tag="801" ind1=" " ind2="1">
    <subfield code="a">RU</subfield>
    <subfield code="b">ProSoft-M</subfield>
    <subfield code="2">rusmarc</subfield>
  </datafield>
  <datafield tag="801" ind1=" " ind2="2">
    <subfield code="a">RU</subfield>
    <subfield code="b">NLR</subfield>
    <subfield code="c">20150506</subfield>
    <subfield code="2">rusmarc</subfield>
  </datafield>
  <datafield tag="852" ind1=" " ind2=" ">
    <subfield code="a">NLR</subfield>
    <subfield code="j">18.127.3.217</subfield>
  </datafield>
  <datafield tag="942" ind1=" " ind2=" ">
    <subfield code="c">BOOK</subfield>
  </datafield>
  <datafield tag="980" ind1=" " ind2=" ">
    <subfield code="a">NB</subfield>
  </datafield>
  <datafield tag="980" ind1="3" ind2=" ">
    <subfield code="a">kpcivil2021</subfield>
  </datafield>
  <datafield tag="980" ind1="3" ind2=" ">
    <subfield code="a">kp2021</subfield>
  </datafield>
  <datafield tag="980" ind1="3" ind2=" ">
    <subfield code="a">kp</subfield>
  </datafield>
  <datafield tag="981" ind1="2" ind2="2">
    <subfield code="a">(22) &#x41C;&#x430;&#x442;&#x435;&#x440;&#x438;&#x430;&#x43B;&#x44B; &#x43F;&#x43E; &#x438;&#x441;&#x442;&#x43E;&#x440;&#x438;&#x438; &#x420;&#x43E;&#x441;&#x441;&#x438;&#x438;</subfield>
    <subfield code="b">(22) &#x420;&#x435;&#x43B;&#x438;&#x433;&#x438;&#x43E;&#x437;&#x43D;&#x44B;&#x435; &#x43A;&#x43E;&#x43D;&#x444;&#x435;&#x441;&#x441;&#x438;&#x438;</subfield>
  </datafield>
  <datafield tag="981" ind1="2" ind2="0">
    <subfield code="a">(20) &#x41A;&#x43D;&#x438;&#x436;&#x43D;&#x44B;&#x435; &#x43F;&#x430;&#x43C;&#x44F;&#x442;&#x43D;&#x438;&#x43A;&#x438; &#x420;&#x41D;&#x411;</subfield>
    <subfield code="b">(20) &#x420;&#x443;&#x441;&#x441;&#x43A;&#x438;&#x439; &#x43A;&#x43D;&#x438;&#x436;&#x43D;&#x44B;&#x439; &#x444;&#x43E;&#x43D;&#x434;</subfield>
  </datafield>
  <datafield tag="995" ind1=" " ind2=" ">
    <subfield code="5">2013-10-26</subfield>
    <subfield code="b">NLR02</subfield>
    <subfield code="c">NLR02</subfield>
    <subfield code="e">RFS</subfield>
    <subfield code="f">5181534-10</subfield>
    <subfield code="k">18.127.3.217</subfield>
    <subfield code="o">0</subfield>
    <subfield code="r">BOOK</subfield>
    <subfield code="s">181273217_</subfield>
  </datafield>
</record>
